000 00351nam a2200121Ia 4500
008 240731s9999 xx 000 0 und d
022 _a2000-7493
245 0 _aBarnelitterært Forskningstidsskrift : Nordic Journal of ChildLit Aesthetics
260 _bRoutledge
856 _uhttps://www.tandfonline.com/loi/zblf20
942 _2ddc
942 _cTFEJ
999 _c75586
_d75586
945 _a1
_bMadushi Gamage
_c1
_dMadushi Gamage